000 09072nam0a22008891 4500
001 RU\NLR\A1\23655
005 20260407071958.0
035 _a(NLR Aleph) 009678112
090 _a9691412
_c9691412
100 _a19991109d1794 k y0rusy50 ca
101 1 _arus
_clat
102 _aRU
135 _acrcn 024anaba
140 _ay y kc yaa0000
200 1 _aОпыт древней китайцов философии о их нравоучении и правлении,
_eс приложением проповеди.
_eПереведен с латинскаго языка в Александро-Невской семинарии
210 _aВ Санктпетербурге
_cпечатано в Типографии Корпуса чужестранных единоверцов
_d1794
215 _a[12], 348, III, [1] с.
_d
303 _aПрил. на с.337-348 имеет отд. тит. л.
305 _aВ 1784 г. прил. было напеч. отд. изд.
305 _aЗагл. ориг.: Specimen doctrinae veterum sinarum moralis et politicae
316 _aЭкз. КУНБ с влад. пометами
_5КУНБ
316 _aЭкз. РНБ (18.85.5.20) в составном картон. пер., обтянутом мрамор. бумагой, с коричневым кожаным корешком и уголками. На нижней крышке пер. экслибрис Рус. фонда ГПБ с шифром. Корешок гладкий с золотым тиснением оборван серху и снизу. На корешке золотом вытиснено загл.: "Опыт древней китайцов философии" и суперэкслибрис Имп. б-ки с буквами "И.Б.". Обрез крапчатый синий. На форзаце ярлык с шифром РНБ. На тит. л., с.33 и [III] круглый штамп ГПБ.
_5NLR: 18.85.5.20
316 _aЭкз. РНБ (138/2244) в цельнокожаном коричневом пер. Покрытие на крышках пер. сожжено неправильным марморированием. На нижней крышке пер. ярлык с шифром РНБ. Корешок гладкий с золотым тиснением (позолота почти полностью утрачена) и фрагментом бумажной наклейки. Верх корешка оторван. На корешке вытиснено загл.: «Опыт древней китайцов философ». Обрез тонир. крас. Форзац и нахзац из мраморной бумаги. На форзаце ярлык с шифром РНБ. На нахзаце техн. штамп. На тит. л. и с.17 штампы: "Антирелигиозное отделение Гос. Публичной библиотеки" и "I филиал". На обороте тит. л. и с.33 круглый штамп ГПБ.
_5NLR: 138/2244
316 _aЭкз. РНБ (РЗФ 18 в. 3/2227) в составном картон. пер., обтянутом мрамор. бумагой, с коричневым кожаным корешком и уголками. На нижней крышке пер. наклейка с шифром РНБ. Корешок гладкий с золотым тиснением и фрагментом ярлыка с номером. На корешке золотом вытиснено загл.: "Опыт китайскых [!] философии". Обрез крапчатый синий. Экз. деф.: утраченный тит. л. заменен ксерокопией.
_5NLR: РЗФ 18 в. 3/2227
316 _aЭкз. РНБ (РЗФ 18 в. 3/1426) в цельнокожаном коричневом марморир. пер. На нижней крышке пер. экслибрис РЗФ РНБ с шифром. Корешок гладкий с богатым золотым тиснением, черной кожаной наклейкой и фрагментом бумажной наклейки. На кожаной наклейке вытиснено загл.: «Опыт древней китайцов философии». Форзац и нахзац из мраморной бумаги. На нахзаце техн. штамп. Размер: 21,3х13,5х3,5 см
_5NLR: РЗФ 18 в. 3/1426
316 _aЭкз. РНБ (РЗФ 18 в. 3/1426а) в составном картон. пер., обтянутом мраморной бумагой, с коричневым кожаным корешком и уголками. На нижней крышке пер. экслибрис РЗФ ГПБ с шифром. Корешок гладкий с золотым тиснением. На корешке золотом вытиснено загл.: "Опыт китайскых [!] философии". Обрез крапчатый синий. На нахзаце техн. штамп.
_5NLR: РЗФ 18 в. 3/1426а
317 _aЭкз. СПбГУ из б-ки Н.Н.Страхова
_5СПбГУ
317 _aЭкз. РГАДА из б-ки Ф.Ф.Мазурина
_5РГАДА
321 1 _aСК XVIII 8812
325 _aКопия доступна в Электрон. б-ке РНБ
327 0 _aПроповедь о Христе Спасителе в Китайском царстве, изображенная китайским писмом в 781 году по рождестве Христове на камне. / Перевел с снятой с камня китайской копии, которая хранится в библиотеке Императорской Академии наук, Коллегии иностранных дел канцелярии советник. Алексей Леонтиев (С.337-348)
464 0 _12001#$aПроповедь о Христе Спасителе в Китайском царстве, изображенная китайским писмом в 781 году по рождестве Христове на камне.$fПеревел с снятой с камня китайской копии, которая хранится в библиотеке Императорской Академии наук, Коллегии иностранных дел канцелярии советник. Алексей Леонтиев
_1215##$a337-348 с.
_tПроповедь о Христе Спасителе в Китайском царстве, изображенная китайским писмом в 781 году по рождестве Христове на камне.
518 1 _aОпыт древней китайцев философии о их нравоучении и правлении
620 _dСанкт-Петербург
700 1 _6z01790
_aБильфингер
_bГ.Б.
_f1693-1750
_gГеорг Бернгард
_4070
702 1 _4730
_7ca
_8rus
_aЛеонтьев
_bА. Л.
_f1716-1786
_gАлексей Леонтьевич
_9193919
_3RU\NLR\AUTH\770193970
702 1 _4390
_8rus
_7ca
_aСтрахов
_bН. Н.
_cфилософ
_f1828-1896
_gНиколай Николаевич
_3RU\NLR\AUTH\7757605
_940537
702 1 _aМазурин
_bФ.Ф.
_f1845-1899
_gФедор Федорович
_5РГАДА
_4390
712 0 2 _4610
_aКорпус чужестранных единоверцев
_cПетербург
_bТипография
_3RU\NLR\AUTH\8810035670
_9569761
790 1 _6z01700
_aBilfinger
_bG.B.
_gGeorg Bernhard
_7ba
790 1 _6z02702
_aЛеонтиев
_gАлексей
801 0 _aRU
_bNLR
_c19991109
852 _aNLR
_j18.85.5.20
852 _aNLR
_j138/2244
852 _aNLR
_bРЗФ
_j18 в. 3/2227
852 _aNLR
_bРЗФ
_j18 в. 3/1426
852 _aNLR
_bРЗФ
_j18 в. 3/1426а
856 0 _uhttps://vivaldi.nlr.ru/bx000025358/view
856 1 _uhttps://vivaldi.nlr.ru/bx000025358/cover
856 2 _uhttps://vivaldi.nlr.ru/bx000025358/text
899 _aРГБ
899 _aАстОНБ
899 _aЗНБ СГУ
899 _aООНБ
899 _aКирОУНБ
899 _aВОУНБ
899 _aИОГУНБ
899 _aГПНТБ СО РАН
899 _aКУНБ
899 _aБАН
899 _aМГУ
899 _aГПИБ
899 _aСПбГУ
899 _aНБ РАХ
899 _aРГАДА
942 _cBOOK
980 _aNB
980 3 _akpcivil
980 3 _akp2021
980 3 _akp
980 _aA1XVIIIv
981 2 2 _a(22) Материалы по истории России
_b(22) Религиозные конфессии
981 2 0 _a(20) Книжные памятники РНБ
_b(20) Русский книжный фонд